000 00882nam a2200265Ia 4500
005 20220316235544.0
008 121119s2001 sp a gr 000 j spa
020 _a8421643371
041 0 _aspa
100 1 _aClaverol, M.
245 1 3 _aLa banda del bola
_cM. Claverol ; diseño de cubierta e ilustraciones, José Luis Tellería
250 _aPrimera edición
300 _a72 páginas
_bilustraciones
_c22 cm
650 1 4 _aCuentos infantiles españoles
_2LEMB
650 1 4 _aLiteratura infantil española
_ySiglo XX
_2LEMB
650 1 4 _a Amistad en la literatura
_2LEMB
700 1 _aTellería, José Luis
_eilustrador
_938766
942 _2loc
_cBKINF
264 _aBarcelona
_bBruño
_c2001
336 _atexto
_btxt
_2rdacontent
337 _asin mediación
_bn
_2rdamedia
338 _avolumen
_bnc
_2rdacarrier
040 _aCO-BoRNBP
_bspa
_erda
_cCO-BoRNBP
084 _aC CLA2
999 _c1342
_d1342